UBT Library

The joy of fundraising : (Record no. 1387)

000 -LEADER
fixed length control field 00604nam a22001937a 4500
008 - FIXED-LENGTH DATA ELEMENTS--GENERAL INFORMATION
fixed length control field 151130b xxu||||| |||| 00| 0 eng d
020 ## - INTERNATIONAL STANDARD BOOK NUMBER
International Standard Book Number 9780970045560
020 ## - INTERNATIONAL STANDARD BOOK NUMBER
International Standard Book Number 0970045565
041 0# - LANGUAGE CODE
Language code of text/sound track or separate title eng
080 ## - UNIVERSAL DECIMAL CLASSIFICATION NUMBER
Universal Decimal Classification number 658.8
100 1# - Rafti
Rafti Axelrod, Terry.
245 14 - TITLE STATEMENT
Title The joy of fundraising :
Statement of responsibility, etc by Terry Axelrod.
250 ## -
-- 1st ed.
260 ## -
-- Seattle, WA :
-- Benevon Publications,
-- c2006.
300 ## -
-- 112 f . ;
-- 20 cm.
650 #0 -
-- Ngritja e fondeve
650 #0 -
-- Organizata jo-fitim prurëse
942 ## - ADDED ENTRY ELEMENTS (KOHA)
Source of classification or shelving scheme
Item type Books
Holdings
Withdrawn status Lost status Source of classification or shelving scheme Damaged status Not for loan Collection code Permanent location Current location Shelving location Date acquired Total Checkouts Full call number Date last seen Price effective from Koha item type
          Koleksioni i përgjithshem UBT - Lipjan UBT - Lipjan Koleksioni i përgjithshem 11/30/2015   658.8 AXE 11/30/2015 11/30/2015 Books
UBT Library © 2015-2024. All rights reserved University Education for Business and Technology